Association of Fusarium and Phomopsis with Peroba Rosa Seeds (Registro n. 341118)
[ somente texto ]
| 000 -LÍDER | |
|---|---|
| fixed length control field | 01951nab a2200289 i 4500 |
| 003 - CÓDIGO MARC DA AGÊNCIA CATALOGADORA | |
| Campo de controle | BR-BrBNA |
| 005 - DATA E HORA DA ÚLTIMA ATUALIZAÇÃO | |
| Campo de controle | 20260327201008.0 |
| 008 - CAMPO DE TAMANHO FIXO | |
| fixed length control field | 260327b2019 bl.qr|pooa||| 00| 0 eng | |
| 040 ## - FONTE DA CATALOGAÇÃO | |
| Agência catalogadora | BR-BrBNA |
| Idioma da catalogação | eng |
| 072 ## - CATEGORIA AGRIS | |
| Código AGRIS | H20 |
| Código do objeto | 4120 |
| 072 ## - CATEGORIA AGRIS | |
| Código AGRIS | F03 |
| Código do objeto | 3290 |
| 100 ## - ENTRADA PRINCIPAL - NOME PESSOAL | |
| Nome pessoal | Mazarotto, Edson José |
| 100 ## - ENTRADA PRINCIPAL - NOME PESSOAL | |
| Nome pessoal | Pimentel, Ida Chapaval |
| 100 ## - ENTRADA PRINCIPAL - NOME PESSOAL | |
| Nome pessoal | Abreu, Daniela Cleide Azevedo de |
| 100 ## - ENTRADA PRINCIPAL - NOME PESSOAL | |
| Nome pessoal | Santos, Alvaro Figueredo dos |
| 245 ## - TÍTULO PRINCIPAL | |
| Título principal | Association of Fusarium and Phomopsis with Peroba Rosa Seeds |
| 500 ## - NOTA GERAL | |
| Nota geral | Publicação on-line; 33 ref.; 6 tables; Summary (En) |
| 942 ## - ADDED ENTRY ELEMENTS (KOHA) | |
| Koha item type | Analítica |
| 520 ## - NOTA DE RESUMO | |
| Nota de conteúdo | <br/><br/>ABSTRACT<br/><br/>Peroba rosa (Aspidosperma polyneuron) is a native forest species endangered due to intense predatory<br/>exploitation. The objective of this study was to evaluate the association and fungi transmission<br/>in peroba rosa seeds from four regions of Paraná. Germination and vigor were evaluated using<br/>the paper roll method. Sanitary analysis consisted of the detection of endophytic and epiphytic<br/>fungi using potato-dextrose-agar medium and Fusarium selective medium. For transmission,<br/>non‑disinfested seeds were sown in vermiculite and kept in greenhouse. Germination ranged from<br/>9.3% to 60%. Fusarium sp. and Phomopsis sp. were found as epiphytic and also as endophytic.<br/>There was transmission of Fusarium sp. and Phomopsis sp. from seeds to seedlings, causing<br/>malformation and necrosis on roots and cotyledons.<br/><br/>Keywords: seed pathology, native forest seeds, endophytic fungi. |
| 650 ## - ASSUNTO - THESAGRO | |
| Cabeçalho tópico ou nome geográfico | PATOLOGIA DE SEMENTE |
| 650 ## - ASSUNTO - THESAGRO | |
| Cabeçalho tópico ou nome geográfico | SEMENTE FLORESTAL |
| 650 ## - ASSUNTO - THESAGRO | |
| Cabeçalho tópico ou nome geográfico | FUNGO |
| 650 ## - ASSUNTO - THESAGRO | |
| Cabeçalho tópico ou nome geográfico | PEROBA ROSA |
| 773 0# - ENTRADA ANALÍTICA | |
| Host Biblionumber | 2929 |
| Registro do item | 347951 |
| Imprenta | Rio de Janeiro-RJ Instituto de Florestas - UFRRJ 1994 |
| Outro identificador | 2025-0450 |
| Título | Floresta e Ambiente (Brazil) |
| ISSN | 1415-0980 / ISSN 2179-8087 0nline |
| Colação | v. 26(2) p. 1-7; (2019) |
| Número de controle de registro | BR2026000192 |
| 856 ## - ACESSO E ENDEREÇO ELETRÔNICO | |
| Identificador uniforme de recurso - URI | https://www.scielo.br/j/floram/a/hBSLYx85RB7jVYcYSTkJXKM/?format=pdf&lang=en |
Nenhum exemplar disponível.

BINAGRI